Die Vertreibung der Deutschen aus dem Osten : Ursachen, Ereignisse, Folgen / mit Beiträgen von Hellmuth Auerbach ... [et al.] ; herausgegeben von Wolfgang Benz
Record details
- ISBN: 3-596-12784-X (brož.)
- Physical Description: 302 s. ; 18 cm
- Edition: 10.-11. Tausend, aktualisierte Neuausg.
- Publisher: Frankfurt am Main : Fischer Taschenbuch Verlag, 1996
Content descriptions
| Bibliography, etc. Note: | Obsahuje bibliografické odkazy a rejstřík |
Search for related items by series
Available copies
- 1 of 1 copy available at Common Catalog SPOK.
Holds
- 0 current holds with 1 total copy.
Show Only Available Copies
| Location | Call Number / Copy Notes | Barcode | Shelving Location | Status | Due Date |
|---|---|---|---|---|---|
| Terezin Initiative Institute | 526 | 4594300526 | Knihovna ITI | Available | - |
| LDR | 00996nam a2200265 a 4500 | ||
|---|---|---|---|
| 001 | 25432 | ||
| 003 | CZ-PrJAB | ||
| 005 | 20220907115037.0 | ||
| 008 | 990127s1996 gw gr 001 0 ger | ||
| 020 | . | ‡a3-596-12784-X (brož.) | |
| 035 | . | ‡a(CONS)235 | |
| 035 | . | ‡a(CZ PrSKC)zpk19980486914 | |
| 040 | . | ‡aABA001 ‡bcze | |
| 080 | . | ‡a314.745.2 ‡2MRF | |
| 080 | . | ‡a(4-191.2)+(4-11) ‡2MRF | |
| 080 | . | ‡a(=112.2) ‡2MRF | |
| 080 | . | ‡a(082) ‡2MRF | |
| 245 | 0 | 4. | ‡aDie Vertreibung der Deutschen aus dem Osten : ‡bUrsachen, Ereignisse, Folgen / ‡cmit Beiträgen von Hellmuth Auerbach ... [et al.] ; herausgegeben von Wolfgang Benz |
| 250 | . | ‡a10.-11. Tausend, aktualisierte Neuausg. | |
| 260 | . | ‡aFrankfurt am Main : ‡bFischer Taschenbuch Verlag, ‡c1996 | |
| 300 | . | ‡a302 s. ; ‡c18 cm | |
| 490 | 1 | . | ‡aDie Zeit des Nationalsozialismus |
| 504 | . | ‡aObsahuje bibliografické odkazy a rejstřík | |
| 700 | 1 | . | ‡aAuerbach, Hellmuth, ‡d1930- ‡7jn20030718002 ‡4aut |
| 700 | 1 | . | ‡aBenz, Wolfgang, ‡d1941- ‡7jn20010601332 ‡4com |
| 830 | 4. | ‡aDie Zeit des Nationalsozialismus | |
| 852 | 4 | . | ‡bJACH-ITI ‡bJACH-ITI ‡cKnihovna ITI ‡j526 ‡p526 ‡y$0.00 |
| 910 | . | ‡aABE340 ‡b526 | |
| 995 | . | ‡askok | |
| 901 | . | ‡a25432 ‡bISxN ‡c25432 ‡tbiblio | |